Ekonomika Rumunska bakalárska práca

Uložené v:
Podrobná bibliografia
Hlavný autor: Bîrta, Sanda
Korporativný autor: Fakulta medzinárodných vzťahov EU. Katedra medzinárodných ekonomických vzťahov a hospodárskej diplomacie
Ďalší autori: Harakaľová, Ľubica, 1963-
Médium: Kniha
Jazyk:Slovak
Vydavateľské údaje: Bratislava 2018
Tagy: Pridať tag
Žiadne tagy, Buďte prvý, kto otaguje tento záznam!

MARC

LEADER 00000nbm a2200000 4500
001 0244561
005 20180810101309.4
041 0 |a slo 
044 |a SK 
245 1 0 |a Ekonomika Rumunska  |b bakalárska práca  |c Sanda Bîrta ; školiteľ: Ľubica Harakaľová 
264 1 |a Bratislava  |c 2018 
300 |a 65 s. 
100 1 |a Bîrta, Sanda 
700 1 |a Harakaľová, Ľubica, 1963- 
710 2 |a Fakulta medzinárodných vzťahov EU. Katedra medzinárodných ekonomických vzťahov a hospodárskej diplomacie